| 000 | 00000nam##2200000za#4500 |
| 001 | 9.623423 |
| 003 | CaOODSP |
| 005 | 20200327174345 |
| 007 | ta |
| 008 | 150406|1995||||xxc||||| f|0| 0 fre|d |
| 040 | |aCaOODSP|bfre |
| 043 | |an-cn--- |
| 086 | 1 |aFs97-6/2041F |
| 110 | 1 |aCanada. |bMinistère des pêches et des océans. |
| 245 | 10|aBilan des connaissances de la population de bélugas (Delphinapterus leucas) du Saint-Laurent / |cpar V. Lesage et M. C. S. Kingsley. |
| 260 | |aOttawa - Ontario : |bPêches et Océans Canada |c1995. |
| 300 | |avii, 44p. : |bgraphiques, carte, tableaux ; |c28 cm. |
| 490 | 1 |aRapport technique canadien des sciences halieutiques et aquatiques|v2041 |
| 500 | |aPréparé à la Division des Sciences, Poissons et Mammifères Marins, Ministère des Pêches et des Océans, Institut Maurice-Lamontagne, C.P. 1000, 850, route de la Mer, Mont-Joli (Québec) G5H 3Z4. |
| 504 | |aBibliographie. |
| 546 | |aAbstracts in English |
| 563 | |aCouverture souple |
| 691 | 07|aBaleine|2gcpds |
| 720 | 1 |aKingsley, M. C. S. |
| 720 | 1 |aLesage, V. |
| 776 | 0#|tBilan des connaissances de la population de bélugas (Delphinapterus leucas) du Saint-Laurent / |w(CaOODSP)9.604019 |
| 830 | #0|aRapport technique canadien des sciences halieutiques et aquatiques ;|v2041|w(CaOODSP)9.513051 |